Hóa vô cơ : Phi kim: Lớp 10,11,12 chuyên Hóa và ôn thi Đại học
Tập sách này được chuẩn bị với mong muốn góp phần nâng cao chất lượng học tập môn Hóa học, đồng thời chú ý đến khả năng phát triển lí luận có hệ thống của học sinh.
সংরক্ষণ করুন:
| প্রধান লেখক: | |
|---|---|
| বিন্যাস: | গ্রন্থ |
| ভাষা: | Undetermined |
| প্রকাশিত: |
Hà Nội
Giáo dục
2002
|
| বিষয়গুলি: | |
| ট্যাগগুলো: |
ট্যাগ যুক্ত করুন
কোনো ট্যাগ নেই, প্রথমজন হিসাবে ট্যাগ করুন!
|
| Thư viện lưu trữ: | Trung tâm Học liệu Trường Đại học Cần Thơ |
|---|
| LEADER | 00945nam a2200217Ia 4500 | ||
|---|---|---|---|
| 001 | CTU_211219 | ||
| 008 | 210402s9999 xx 000 0 und d | ||
| 020 | |c 8300 | ||
| 082 | |a 546 | ||
| 082 | |b Th400 | ||
| 100 | |a Nguyễn, Trọng Thọ | ||
| 245 | 0 | |a Hóa vô cơ : | |
| 245 | 0 | |b Phi kim: Lớp 10,11,12 chuyên Hóa và ôn thi Đại học | |
| 245 | 0 | |c Nguyễn Trọng Thọ, Phạm Thị Minh Nguyệt | |
| 260 | |a Hà Nội | ||
| 260 | |b Giáo dục | ||
| 260 | |c 2002 | ||
| 520 | |a Tập sách này được chuẩn bị với mong muốn góp phần nâng cao chất lượng học tập môn Hóa học, đồng thời chú ý đến khả năng phát triển lí luận có hệ thống của học sinh. | ||
| 650 | |a Hóa học vô cơ,Chemistry, inorganic | ||
| 904 | |i Lê Thị Giàu,Hải | ||
| 980 | |a Trung tâm Học liệu Trường Đại học Cần Thơ | ||